| 000 | 00897nam a22001937a 4500 | ||
|---|---|---|---|
| 003 | OSt | ||
| 005 | 20260302011402.0 | ||
| 008 | 260226b |||||||| |||| 00| 0 eng d | ||
| 040 |
_aDWCL GS library _cOC |
||
| 082 | _aFic. D621m 2008 | ||
| 100 | _aDixon, Franklin W. | ||
| 245 |
_athe hardy boys mystery stories 8 _b: the mystery of cabin island _cFranklin W. Dixon |
||
| 260 |
_aNew York _bGrosset & Dunlap _cc1929 |
||
| 300 |
_a178 _billustration _c19cm |
||
| 520 | _aThe Mystery of Cabin Island (Book #8) follows Frank and Joe Hardy as they spend Christmas vacation on a secluded, ice-bound island. After being gifted the trip by Elroy Jefferson, the boys face sabotage, a mysterious thief, and a missing person, all while uncovering a hidden treasure. | ||
| 546 | _aEnglish | ||
| 700 | _aFranklin W. Dixon | ||
| 942 |
_2ddc _cFIC. _hFic. D621m 2008 _n0 |
||
| 999 |
_c8552 _d8552 |
||